000 00918nam a22002297a 4500
003 BD-DhUL
005 20160918185519.0
008 160201s2009 bg |||| |||| 00| 0 ben
020 _a9843000024826
040 _aBD-DhUL
_cBD-DhUL
082 _a954.92
_bMIM
100 1 _aমিয়া, শেখ গাউস
245 0 0 _aমুক্তিযুদ্ধে আনসার বাহিনী /
_cশেখ গাউস মিয়া
260 _aঢাকা :
_bজনপ্রিয় প্রকাশনী,
_c২০০৯.
300 _a৪৩৬ পৃ., :
_c২১ সেমি.
365 _aBDT
_b450.00
650 _aবাংলাদেশ-ইতিহাস
651 0 _aBangladesh
_xhistory
700 1 _aহোসেন, মীর ফেরদৌস
_eযুগ্ম-লেখক
700 1 _aমামুন, মুনতাসীর
_eসম্পাদক
942 _2ddc
_cBK
999 _c104968
_d104968